La personalidad internacional de España / (Record no. 81812)
[ view plain ]
| 000 -LEADER | |
|---|---|
| campo de control de longitud fija | 00648nam a2200181 i 4500 |
| 001 - NÚMERO DE CONTROL | |
| campo de control | 81812 |
| 003 - IDENTIFICADOR DE NÚMERO DE CONTROL | |
| campo de control | ES-MaACL |
| 005 - FECHA Y HORA DE LA ÚLTIMA TRANSACCIÓN | |
| campo de control | 20250407063105.0 |
| 007 - CAMPO FIJO DE DESCRIPCIÓN FÍSICA--INFORMACIÓN GENERAL | |
| campo de control de longitud fija | t| |
| 008 - DATOS DE LONGITUD FIJA--INFORMACIÓN GENERAL | |
| campo de control de longitud fija | 041108s1940 sp ||||1| spa d |
| 100 1# - ENTRADA PRINCIPAL--NOMBRE DE PERSONA | |
| Nombre de persona | Ibáñez de Ibero, Carlos, |
| Títulos y otros términos asociados al nombre | Marqués de Mulhacén, |
| Fechas asociadas al nombre | 1888-1966 |
| 9 (RLIN) | 151481 |
| 245 13 - MENCIÓN DEL TÍTULO | |
| Título | La personalidad internacional de España / |
| Mención de responsabilidad, etc. | Carlos Ibáñez de Ibero (Marqués de Mulhacén). |
| 260 ## - PUBLICACIÓN, DISTRIBUCIÓN, ETC. | |
| Lugar de publicación, distribución, etc. | San Sebastián : |
| Nombre del editor, distribuidor, etc. | Edit. Española, |
| Fecha de publicación, distribución, etc. | 1940 ( |
| Fabricante | Gráficas Fides) |
| 300 ## - DESCRIPCIÓN FÍSICA | |
| Extensión | 297 p. ; |
| Dimensiones | 21 cm. |
| 651 #4 - PUNTO DE ACCESO ADICIONAL DE MATERIA--NOMBRE GEOGRÁFICO | |
| Nombre geográfico | España- |
| Subdivisión general | Política exterior- |
| -- | Historia. |
| 9 (RLIN) | 8427 |
| 852 ## - LOCALIZACIÓN | |
| Ubicación | ES-MaACL |
| Número de control de estantería | B-9836 |
| Sublocalización o colección | R.19539 |
| Estatus retirado | Estado de pérdida | Estado de daño | No para préstamo | Biblioteca de origen | Biblioteca actual | Ubicación en estantería | Fecha de adquisición | Fuente de adquisición | Total de préstamos | Signatura topográfica completa | Código de barras | Visto por última vez | Precio de reemplazo | Tipo de ítem Koha |
|---|---|---|---|---|---|---|---|---|---|---|---|---|---|---|
| Biblioteca del Ateneo de Madrid | Biblioteca del Ateneo de Madrid | Sala Pardo Bazán | 17/01/2008 | B-9836 | 1085511 | 23/02/2023 | 23/02/2023 | Libro impreso |
